000 00729nam a22002297a 4500
999 _c7846
_d7846
003 AR-CdUCM
008 190321b ||||| |||| 00| 0 spa d
040 _aMUNICIPALIDAD PROVINCIAL DEL CUSCO
_cBIBLIOTECA MUNICIPAL DEL CUSCO
082 _22ed.
_a539 /
_bT78
100 _aTranter, C. J.
_921062
245 _aTransformadas Integrales en la Fisica Matematica /
260 _aMexico :
_bHispano Americana,
_c1964.
300 _aX, 157 paginas ;
_bFormulas,
_c17 cm.
440 _aManuales Uteha
_n213
_922189
505 _aContenido: Fisicas matematicas
650 _aFisica
_92382
650 _aMatematicas
_99398
650 _aIntegrales
_922190
700 _aWarman Gry, Josef
_922191
942 _2ddc
_cLIBROS
945 _apjha